| 000 | 01196nac a22002411u 4500 | ||
|---|---|---|---|
| 008 | 100901t xxu||||| |||| 00| 0 eng d | ||
| 010 | _a 2004063177 | ||
| 020 | _a0071440909 (acid-free) | ||
| 082 | 0 | 0 |
_a621.8672 _bMEN |
| 100 |
_aMenon, E. Shashi. _917784 |
||
| 245 | 1 | 0 |
_aPiping Calculations Manual / _cE. Shashi Menon. |
| 260 |
_aNew York : _bMcGraw-Hill,2005 _c2005. |
||
| 300 |
_axvii, 666 p. : _bill. ; _c23 cm. |
||
| 490 |
_911295 _aMcGraw-Hill professional engineering |
||
| 490 |
_917786 _a McGraw-Hill Calculations |
||
| 504 | _aIncludes bibliographical references (p. 661) and index. | ||
| 650 | 0 |
_aPipelines _xDesign and construction _vHandbooks, manuals, etc. _917785 |
|
| 856 | 4 | 2 |
_3Contributor biographical information _uhttp://www.loc.gov/catdir/enhancements/fy0619/2004063177-b.html |
| 856 | 4 | 2 |
_3Publisher description _uhttp://www.loc.gov/catdir/enhancements/fy0619/2004063177-d.html |
| 856 | 4 | 2 |
_3Table of contents only _uhttp://www.loc.gov/catdir/ |
| 942 |
_cBB _k621.8672MEN _2ddc |
||
| 999 |
_c2168 _d2168 |
||